Oxford practice grammar with answers (Record no. 6428)
[ view plain ]
| 000 -LEADER | |
|---|---|
| fixed length control field | 00423nam a2200169Ia 4500 |
| 008 - FIXED-LENGTH DATA ELEMENTS--GENERAL INFORMATION | |
| fixed length control field | 230711s9999||||xx |||||||||||||| ||und|| |
| 020 ## - INTERNATIONAL STANDARD BOOK NUMBER | |
| International Standard Book Number | 0-19-565472-2 |
| 041 ## - LANGUAGE CODE | |
| Language code of text/sound track or separate title | ENG |
| 082 ## - DEWEY DECIMAL CLASSIFICATION NUMBER | |
| Classification number | 415 |
| Item number | EA-O |
| 100 ## - MAIN ENTRY--PERSONAL NAME | |
| Personal name | Eastwood,John |
| 245 #0 - TITLE STATEMENT | |
| Title | Oxford practice grammar with answers |
| 250 ## - EDITION STATEMENT | |
| Edition statement | 1st Ed. |
| 260 ## - PUBLICATION, DISTRIBUTION, ETC. | |
| Date of publication, distribution, etc. | 2000 |
| Place of publication, distribution, etc. | New Delhi |
| Name of publisher, distributor, etc. | Oxford University Press |
| 300 ## - PHYSICAL DESCRIPTION | |
| Extent | 432p. |
| 650 ## - SUBJECT ADDED ENTRY--TOPICAL TERM | |
| Topical term or geographic name entry element | COMMUNICATION SKILL |
| 942 ## - ADDED ENTRY ELEMENTS (KOHA) | |
| Koha item type | Book |
| Withdrawn status | Lost status | Damaged status | Not for loan | Collection | Home library | Current library | Date acquired | Source of acquisition | Cost, normal purchase price | Inventory number | Total checkouts | Full call number | Barcode | Date last seen | Date last checked out | Price effective from | Koha item type | Date due |
|---|---|---|---|---|---|---|---|---|---|---|---|---|---|---|---|---|---|---|
| MRSPTU Central Library | MRSPTU Central Library | Krishna Book Distributors | 280.00 | KBD/2016-2017/963242808 | 2 | 415 EA-O | 38370 | 03/12/2024 | 02/22/2024 | 08/17/2023 | Book | |||||||
| MRSPTU Central Library | MRSPTU Central Library | Krishna Book Distributors | 280.00 | KBD/2016-2017/963242808 | 2 | 415 EA-O | 38371 | 10/21/2024 | 09/19/2024 | 08/17/2023 | Book | |||||||
| MRSPTU Central Library | MRSPTU Central Library | Krishna Book Distributors | 280.00 | KBD/2016-2017/963242808 | 1 | 415 EA-O | 38372 | 08/29/2023 | 08/29/2023 | 08/17/2023 | Book | 09/12/2023 | ||||||
| MRSPTU Central Library | MRSPTU Central Library | Krishna Book Distributors | 280.00 | KBD/2016-2017/963242808 | 415 EA-O | 38373 | 08/17/2023 | 08/17/2023 | Book | |||||||||
| MRSPTU Central Library | MRSPTU Central Library | Krishna Book Distributors | 280.00 | KBD/2016-2017/963242808 | 3 | 415 EA-O | 38374 | 06/02/2025 | 05/16/2025 | 08/17/2023 | Book | |||||||
| MRSPTU Central Library | MRSPTU Central Library | Krishna Book Distributors | 280.00 | KBD/2016-2017/963242808 | 415 EA-O | 38375 | 08/17/2023 | 08/17/2023 | Book | |||||||||
| MRSPTU Central Library | MRSPTU Central Library | Krishna Book Distributors | 280.00 | KBD/2016-2017/963242808 | 1 | 415 EA-O | 38376 | 03/18/2024 | 02/22/2024 | 08/17/2023 | Book | |||||||
| MRSPTU Central Library | MRSPTU Central Library | Krishna Book Distributors | 280.00 | KBD/2016-2017/963242808 | 1 | 415 EA-O | 38377 | 06/05/2025 | 05/07/2025 | 08/17/2023 | Book | |||||||
| MRSPTU Central Library | MRSPTU Central Library | Krishna Book Distributors | 280.00 | KBD/2016-2017/963242808 | 1 | 415 EA-O | 38378 | 03/12/2024 | 02/22/2024 | 08/17/2023 | Book | |||||||
| MRSPTU Central Library | MRSPTU Central Library | Krishna Book Distributors | 280.00 | KBD/2016-2017/963242808 | 2 | 415 EA-O | 38379 | 09/15/2025 | 08/11/2025 | 08/17/2023 | Book |
